| 000 | 01009nam1a22002531 4500 | ||
|---|---|---|---|
| 001 | rc\2839823 | ||
| 005 | 20251217193858.0 | ||
| 035 | _a(NLR Aleph) 006997421 | ||
| 090 |
_a5686704 _c5686704 |
||
| 100 | _a20110629d1928 u y0rusy50 ca | ||
| 101 | 0 | _arus | |
| 102 | _aRU | ||
| 105 | _ay z ||||| | ||
| 200 | 1 |
_aМедицинский календарь на 1928 год _eС терапевтическим сборником ... _eГод изд. XXXV _eЧасть 1- _fПод ред. д-ра мед. Е.Б. Блюменау |
|
| 210 |
_aЛенинград _cизд-во "Практическая медицина" _d1928 _gтипо-литогр. "Красный печатник" Гостехиздата |
||
| 215 | _d18х11 см | ||
| 702 | 1 |
_aБлюменау _bЕ.Б. _4340 |
|
| 801 | 0 |
_aRU _bNLR _gpsbo |
|
| 801 | 1 |
_aRU _bELAR _2rusmarc |
|
| 852 |
_aNLR _j38.35.5.2(35) |
||
| 942 | _cBOOK | ||
| 980 | _aNB | ||
| 981 | 4 | 4 | _a(44) Оцифровано по рекомендациям читателей |